Catálogo
 En Linea

Historiografía de la provincia Valverde. / (Registro nro. 53580)

Detalles MARC
000 -CABECERA
campo de control de longitud fija 01991nam a2200301 i 4500
003 - IDENTIFICADOR DEL NÚMERO DE CONTROL
campo de control DO-SdBNP
005 - FECHA Y HORA DE LA ÚLTIMA TRANSACCIÓN
campo de control 20230522144536.0
006 - CÓDIGOS DE INFORMACIÓN DE LONGITUD FIJA--CARACTERÍSTICAS DEL MATERIAL ADICIONAL
campo de control de longitud fija a||||gr|||| 00| 0
007 - CAMPO FIJO DE DESCRIPCIÓN FÍSICA--INFORMACIÓN GENERAL
campo de control de longitud fija ta
008 - DATOS DE LONGITUD FIJA--INFORMACIÓN GENERAL
campo de control de longitud fija 230519e2022 dr aobcgr|||| 001 edspa d
020 ## - NÚMERO INTERNACIONAL ESTÁNDAR DEL LIBRO
Número Internacional Estándar del Libro 9789945635119
040 ## - FUENTE DE LA CATALOGACIÓN
Centro catalogador/agencia de origen DO-SdBNP
Lengua de catalogación spa
Centro/agencia transcriptor BNPHU
Normas de descripción rda
082 #4 - NÚMERO DE LA CLASIFICACIÓN DECIMAL DEWEY
Número de edición 22
Número de documento/Ítem A452h
100 1# - ENTRADA PRINCIPAL--NOMBRE DE PERSONA
9 (RLIN) 24304
Nombre de persona Almonte, Francisco
245 10 - MENCIÓN DE TÍTULO
Título Historiografía de la provincia Valverde. /
Mención de responsabilidad, etc. Francisco Almonte.
264 30 - PRODUCCIÓN, PUBLICACIÓN, DISTRIBUCIÓN, FABRICACIÓN Y COPYRIGHT
Producción, publicación, distribución, fabricación y copyright Santo Domingo :
Nombre del de productor, editor, distribuidor, fabricante Santuario,
Fecha de producción, publicación, distribución, fabricación o copyright 2022
300 ## - DESCRIPCIÓN FÍSICA
Extensión 286 páginas
Otras características físicas Ilustraciones, fotografías, mapas, retrato ;
Dimensiones 22 cm
336 ## - TIPO DE CONTENIDO
Fuente rdaconte
Término de tipo de contenido texto
Código de tipo de contenido txt
337 ## - TIPO DE MEDIO
Fuente rdamedia
Nombre/término del tipo de medio sin medición
Código del tipo de medio n
338 ## - TIPO DE SOPORTE
Fuente rdacarrier
Nombre/término del tipo de soporte volumen
Código del tipo de soporte nc
500 ## - NOTA GENERAL
Nota general Incluye datos biográficos del autor en las solapas de las cubiertas
500 ## - NOTA GENERAL
Nota general Incluye bibliografía y notas al pie de páginas
504 ## - NOTA DE BIBLIOGRAFÍA, ETC.
Nota de bibliografía, etc. Bibliografía: páginas 285 - 286
505 ## - NOTA DE CONTENIDO CON FORMATO
Nota de contenido con formato Agradecimiento.
Información miscelánea Prefacio.
Título Perfil biográfico de José Desiderio Valverde.--
-- Panorama de la provincia Valverde
-- Municipio Santa Cruz de Mao.--
-- Hitos en el desarrollo histórico de Mao.--
-- Escudo del municipio de Mao.--
-- Himno municipal de Mao.--
-- Límites geográficos de Mao.--
-- Juntas de vecinos por zona.--
-- Indicadores estadísticos de Mao.--
-- Contexto sociocultural de Mao.--
-- Distrito municipal de Mao.--
505 ## - NOTA DE CONTENIDO CON FORMATO
Nota de contenido con formato Ciudadanos destacados de Mao.--
Título Municipio Esperanza.--
-- Hitos en el desarrollo histórico de Esperanza.--
-- Escudo del municipio Esperanza
-- Distritos municipales el municipio Esperanza.--
-- Indicadores estadísticos del municipio Esperanza.--
-- Distritos municipales del municipio Esperanza.--
-- Ciudadanos destacados de Esperanza.--
-- Municipio Laguna Salada.--
-- Hitos en desarrollo histórico de Laguna Salada.--
-- Escudo de Laguna Salada.--
-- Indicadores estadísticos del municipio de Laguna Salada.--
-- Contexto sociocultural de Laguna Salada.--
-- Ciudadanos destacados de Laguna Salada.--
-- Bibliografía.
590 ## - NOTA LOCAL (RLIN)
Nota local Inventariado 2023 / MF
942 ## - ELEMENTOS DE PUNTO DE ACCESO ADICIONAL (KOHA)
Fuente del sistema de clasificación o colocación Dewey Decimal Classification
Tipo de ítem Koha Libro
Existencias
Estado de retiro Estado de pérdida Fuente del sistema de clasificación o colocación Restricciones de uso No para préstamo Código de colección Localización permanente Ubicación/localización actual Ubicación en estantería Fecha de adquisición Fuente de adquisición Total de préstamos Signatura topográfica completa Código de barras Fecha visto por última vez Precio válido a partir de Tipo de ítem Koha Número de copia
    Dewey Decimal Classification Excluido de préstamo   Patrimonio Dominicano Biblioteca Nacional Pedro Henríquez Ureña Biblioteca Nacional Pedro Henríquez Ureña En catalogación 07.10.2022 Depósito legal / Editora Búho   A452h 2023-2006 19.05.2023 19.05.2023 Libro  
    Dewey Decimal Classification Excluido de préstamo   Patrimonio Dominicano Biblioteca Nacional Pedro Henríquez Ureña Biblioteca Nacional Pedro Henríquez Ureña En catalogación 07.10.2022 Depósito legal / Editora Búho   A452h 2023-2007 19.05.2023 19.05.2023 Libro e.2
    Dewey Decimal Classification Préstamo en sala   Dominicana de Servicio Biblioteca Nacional Pedro Henríquez Ureña Biblioteca Nacional Pedro Henríquez Ureña En catalogación 07.10.2022 Depósito legal / Editora Búho   A452h 2023-2008 19.05.2023 19.05.2023 Libro e.3

Con tecnología Koha